Primavera bajo cero grados : (Registro nro. 14643)

Detalles MARC
000 -LEADER
fixed length control field 01139nam a2200301 i 4500
003 - CONTROL NUMBER IDENTIFIER
control field DO-SdBNP
005 - DATE AND TIME OF LATEST TRANSACTION
control field 20240515123034.0
007 - PHYSICAL DESCRIPTION FIXED FIELD--GENERAL INFORMATION
fixed length control field ta
008 - FIXED-LENGTH DATA ELEMENTS--GENERAL INFORMATION
fixed length control field 221122b2022 dr | 00| 0 spa d
020 ## - INTERNATIONAL STANDARD BOOK NUMBER
International Standard Book Number 9789945936766
040 ## - CATALOGING SOURCE
Original cataloging agency DO-sdBNP
Language of cataloging spa
Transcribing agency BPMSU
Description conventions rda
082 #4 - DEWEY DECIMAL CLASSIFICATION NUMBER
Classification number RD868.5
Item number H557p 2022
Edition number 22
100 1# - MAIN ENTRY--PERSONAL NAME
Personal name Hernández, Mary Leisy,
Relator term autora
245 10 - TITLE STATEMENT
Title Primavera bajo cero grados :
Remainder of title crónicas de viajes, mudanzas y añoranzas /
Statement of responsibility, etc. Mary Leisy Hernández ; edición y corrección, Rafael J. Rodríguez Pérez
264 ## - PRODUCTION, PUBLICATION, DISTRIBUTION, MANUFACTURE, AND COPYRIGHT NOTICE
Place of production, publication, distribution, manufacture Santo Domingo :
Name of producer, publisher, distributor, manufacturer Río de Oro,
Date of production, publication, distribution, manufacture, or copyright notice 2022.
300 ## - PHYSICAL DESCRIPTION
Extent 241 páginas ;
Dimensions 23 cm.
336 ## - CONTENT TYPE
Source rdacontent
Content type term texto
Content type code txt
337 ## - MEDIA TYPE
Source rdamedia
Media type term sin mediación
Media type code n
338 ## - CARRIER TYPE
Source rdacarrier
Carrier type term volumen
Carrier type code nc
500 ## - GENERAL NOTE
General note Incluye datos biográficos de la autora en la solapa de la cubierta
590 ## - LOCAL NOTE (RLIN)
Local note Inventariado, 2024/VM
600 14 - SUBJECT ADDED ENTRY--PERSONAL NAME
Personal name Hernández, Mary Leisy,
General subdivision Relatos personales
600 14 - SUBJECT ADDED ENTRY--PERSONAL NAME
Personal name Hernández, Mary Leisy,
General subdivision Colección de escritos
650 #4 - SUBJECT ADDED ENTRY--TOPICAL TERM
Topical term or geographic name as entry element Literatura dominicana
700 1# - ADDED ENTRY--PERSONAL NAME
Personal name Rodríguez Pérez, Rafael J.,
Relator term edición y corrección
910 ## - USER-OPTION DATA (OCLC)
User-option data VMateo V. Control de calidad. BPMSU
942 ## - ADDED ENTRY ELEMENTS (KOHA)
Source of classification or shelving scheme Dewey Decimal Classification
Koha item type Libros
Existencias
Withdrawn status Lost status Source of classification or shelving scheme Damaged status Not for loan Collection code Home library Current library Date acquired Total Checkouts Full call number Barcode Date last seen Price effective from Koha item type Copy number
    Dewey Decimal Classification     Colección Dominicana Biblioteca Pública Metropolitana Salomé Ureña Biblioteca Pública Metropolitana Salomé Ureña 05/15/2024   BPMSU CD RD868.5 H557p 2022 BPMSU24050005 05/15/2024 05/15/2024 Libros  
    Dewey Decimal Classification     Colección Dominicana Biblioteca Pública Metropolitana Salomé Ureña Biblioteca Pública Metropolitana Salomé Ureña 05/15/2024   BPMSU CD RD868.5 H557p 2022 BPMSU24050006 05/15/2024 05/15/2024 Libros e.2
    Dewey Decimal Classification     Colección Dominicana Biblioteca Pública Metropolitana Salomé Ureña Biblioteca Pública Metropolitana Salomé Ureña 05/15/2024   BPMSU CD RD868.5 H557p 2022 BPMSU24050007 05/15/2024 05/15/2024 Libros e.3